Банковский маркетинг: учебное пособие для вузов

Bibliografske podrobnosti
Glavni avtor: Хабаров В. И.
Drugi avtorji: Попова Н. Ю.
Izvleček:В учебном пособии изложены сущность, содержание, принципы управления банковским маркетингом в специфических условиях становления и функционирования российской банковской системы. Пособие написано в соответствии с государственным образовательным стандартом Высшего профессионального образования РФ и содержит основные вопросы, включаемые в билеты для зачетов и экзаменов. Для студентов, аспирантов и преподавателей вузов, научных работников, а также всех, интересующихся вопросами маркетинга.
Исключено из фонда НТБ ТПУ
Jezik:ruščina
Izdano: Москва, Маркет ДС, 2006
Serija:Библиотека студента
Format: MixedMaterials Knjiga
KOHA link:https://koha.lib.tpu.ru/cgi-bin/koha/opac-detail.pl?biblionumber=110043

MARC

LEADER 00000nam0a2200000 4500
001 110043
005 20231031120308.0
010 |a 5795800589 
035 |a (RuTPU)RU\TPU\book\118843 
090 |a 110043 
100 |a 20070219d2006 m y0rusy50 ca 
101 0 |a rus 
102 |a RU 
105 |a a j 000zy 
200 1 |a Банковский маркетинг  |e учебное пособие для вузов  |f В. И. Хабаров, Н. Ю. Попова 
210 |a Москва  |c Маркет ДС  |d 2006 
215 |a 157 с.  |c ил. 
225 1 |a Библиотека студента 
330 |a В учебном пособии изложены сущность, содержание, принципы управления банковским маркетингом в специфических условиях становления и функционирования российской банковской системы. Пособие написано в соответствии с государственным образовательным стандартом Высшего профессионального образования РФ и содержит основные вопросы, включаемые в билеты для зачетов и экзаменов. Для студентов, аспирантов и преподавателей вузов, научных работников, а также всех, интересующихся вопросами маркетинга. 
333 |a Исключено из фонда НТБ ТПУ 
686 |a У9(2)262.10я73  |v LBC/SL-A  |2 rubbk 
700 1 |a Хабаров  |b В. И. 
701 1 |a Попова  |b Н. Ю. 
801 1 |a RU  |b 63413507  |c 20070219  |g PSBO 
801 2 |a RU  |b 63413507  |c 20210601  |g PSBO 
942 |c BK 
959 |a 24/20070227  |d 1  |e 53,60  |f АНЛ:1